Представление документа в формате MARC21

Поле Инд. ПП Название Значение
Тип записи a
Библиографический уровень b
001 Контрольный номер RU/IS/BASE/268757121
005 Дата корректировки 20220316123246.2
008 Кодируемые данные 20080707
040 b Код языка каталог. rus
e Правила каталог. PSBO
041 0_ a Код языка текста rus
084 a Индекс другой классификации/Индекс ББК 83.3(2=411.2)6-117
100 1_ a Автор Ли Хси-мэй
245 10 a Заглавие Специфика характеров и особенности языка рассказов А. И. Солженицына "Один день Ивана Денисовича" и "Матренин двор"
b Продолж. заглавия ("Не стоит село без праведника")
504 a Библиография Библиогр. - Примеч.: с. 140
600 14 a Персоналии Солженицын Александр Исаевич
650 04 a Основная рубрика история литературы
a Основная рубрика литературоведение
a Основная рубрика поэтика
a Основная рубрика теория литературы
a Основная рубрика филологические науки
653 1_ a Ключевые слова "Матренин двор"
a Ключевые слова "Один день Ивана Денисовича"
a Ключевые слова XX век
a Ключевые слова диалектизмы
a Ключевые слова жаргон
a Ключевые слова жаргон воровской
a Ключевые слова изобразительные средства языка
a Ключевые слова лексика
a Ключевые слова проза
a Ключевые слова рассказы
a Ключевые слова Россия
a Ключевые слова русская литература
a Ключевые слова язык автора
773 08 t Заглавие источника Вестник Московского университета. Серия 9, Филология
d Дата издания источника 2007
g Прочая информация № 6. - С. 134 - 140
w Контрольный № источника RU/IS/BASE/261756589
901 t Тип документа b